00477nam a22001572 4500001001100000005001700011008004100028020002800069040001500097050002200112245005100134260003500185300001800220650004800238700003300286000000027920151021151044.0070119s xx 000 0 eng d a8126505397 :cKES 3,400 aKABUcKABU 0aQA76.73b.P224B4410aBeginning PHP5 /cDavid W. Mercer ... [et al.] aNew Delhi :bDreamtech,c2004. axxiii, 859 p. 0aPHP (Computer program language)@00001483801 aMercer, David W.@0000148381